<?xml version="1.0" encoding="UTF-8"?>
<record
    xmlns:xsi="http://www.w3.org/2001/XMLSchema-instance"
    xsi:schemaLocation="http://www.loc.gov/MARC21/slim http://www.loc.gov/standards/marcxml/schema/MARC21slim.xsd"
    xmlns="http://www.loc.gov/MARC21/slim">

  <leader>02314cam a2200349 a 4500</leader>
  <controlfield tag="003">EG-GiCUC</controlfield>
  <controlfield tag="005">20250223031547.0</controlfield>
  <controlfield tag="008">160919s2016    ua dh  f m    000 0 eng d</controlfield>
  <datafield tag="040" ind1=" " ind2=" ">
    <subfield code="a">EG-GiCUC</subfield>
    <subfield code="b">eng</subfield>
    <subfield code="c">EG-GiCUC</subfield>
  </datafield>
  <datafield tag="041" ind1="0" ind2=" ">
    <subfield code="a">eng</subfield>
  </datafield>
  <datafield tag="049" ind1=" " ind2=" ">
    <subfield code="a">Deposite  </subfield>
  </datafield>
  <datafield tag="097" ind1=" " ind2=" ">
    <subfield code="a">M.Sc </subfield>
  </datafield>
  <datafield tag="099" ind1=" " ind2=" ">
    <subfield code="a">Cai01.11.28.M.Sc.2016.Do.M</subfield>
  </datafield>
  <datafield tag="100" ind1="0" ind2=" ">
    <subfield code="a">Doaa Galal Kamal Abdelfatah </subfield>
  </datafield>
  <datafield tag="245" ind1="1" ind2="0">
    <subfield code="a">Multidrug-resistant; hospital associated infection in pediatric intensive care units / </subfield>
    <subfield code="c">Doaa Galal Kamal Abdelfatah ; Supervised Iman Khaled Eyada , Bassant Salah Saad , Dalia Kadry Ismail </subfield>
  </datafield>
  <datafield tag="246" ind1="1" ind2="5">
    <subfield code="a">&#x62F;&#x631;&#x627;&#x633;&#x629; &#x639;&#x62F;&#x648;&#x649; &#x627;&#x644;&#x645;&#x633;&#x62A;&#x634;&#x641;&#x64A;&#x627;&#x62A; &#x627;&#x644;&#x645;&#x62A;&#x633;&#x628;&#x628;&#x647; &#x628;&#x627;&#x644;&#x645;&#x64A;&#x643;&#x631;&#x648;&#x628;&#x627;&#x62A; &#x645;&#x62A;&#x639;&#x62F;&#x62F;&#x629; &#x627;&#x644;&#x645;&#x642;&#x627;&#x648;&#x645;&#x629; &#x644;&#x644;&#x645;&#x636;&#x627;&#x62F;&#x627;&#x62A; &#x627;&#x644;&#x62D;&#x64A;&#x648;&#x64A;&#x629; &#x628;&#x648;&#x62D;&#x62F;&#x627;&#x62A; &#x627;&#x644;&#x639;&#x646;&#x627;&#x64A;&#x629; &#x627;&#x644;&#x645;&#x631;&#x643;&#x632;&#x629; &#x644;&#x644;&#x623;&#x637;&#x641;&#x627;&#x644;</subfield>
  </datafield>
  <datafield tag="260" ind1=" " ind2=" ">
    <subfield code="a">Cairo : </subfield>
    <subfield code="b">Doaa Galal Kamal Abdelfatah , </subfield>
    <subfield code="c">2016</subfield>
  </datafield>
  <datafield tag="300" ind1=" " ind2=" ">
    <subfield code="a">135 P. : </subfield>
    <subfield code="b">charts , facsimiles ; </subfield>
    <subfield code="c">25cm</subfield>
  </datafield>
  <datafield tag="502" ind1=" " ind2=" ">
    <subfield code="a">Thesis (M.Sc.) - Cairo University - Faculty of Medicine - Department of Pediatrics</subfield>
  </datafield>
  <datafield tag="520" ind1=" " ind2=" ">
    <subfield code="a">Objective: To determine the incidence and associated factors of multidrug- resistant  hospital associated infections (MDR-HAI) in the pediatric intensive care unit (PICU) of  the Cairo University Children Hospital, Egypt.  Method: A prospective study was performed in the PICU of the Cairo University  Pediatric Hospital, Egypt during the period March 2014- August 2014. Children aged {u2264}  15 years who developed PICU-related HAI were studied.  Results: Fifty- seven patients (mean age 21 months) developed 106 episodes of PICU-  related HAI. The HAI rate was 28%, equivalent to 58.85% per 1000 patient days. Ninety-  eight (92.4%) episodes were MDR-HAI. The insertion of endotracheal tube (ETT) was a  significant risk factor for MDR-HAI.  Conclusion: The incidence of MDR-HAI was high in the PICU. ETT insertion was a risk  factor for MDR-HAI   </subfield>
  </datafield>
  <datafield tag="530" ind1=" " ind2=" ">
    <subfield code="a">Issued also as CD</subfield>
  </datafield>
  <datafield tag="653" ind1=" " ind2="4">
    <subfield code="a">Hospital associated infection </subfield>
  </datafield>
  <datafield tag="653" ind1=" " ind2="4">
    <subfield code="a">Multidrug-resistant  </subfield>
  </datafield>
  <datafield tag="653" ind1=" " ind2="4">
    <subfield code="a">Pediatric intensive care unit </subfield>
  </datafield>
  <datafield tag="700" ind1="0" ind2=" ">
    <subfield code="a">Bassant Salah Saad , </subfield>
    <subfield code="e">Supervisor</subfield>
  </datafield>
  <datafield tag="700" ind1="0" ind2=" ">
    <subfield code="a">Dalia Kadry Ismail , </subfield>
    <subfield code="e">Supervisor</subfield>
  </datafield>
  <datafield tag="700" ind1="0" ind2=" ">
    <subfield code="a">Iman Khaled Eyada , </subfield>
    <subfield code="e">Supervisor</subfield>
  </datafield>
  <datafield tag="856" ind1=" " ind2=" ">
    <subfield code="u">http://172.23.153.220/th.pdf</subfield>
  </datafield>
  <datafield tag="905" ind1=" " ind2=" ">
    <subfield code="a">Nazla</subfield>
    <subfield code="e">Revisor</subfield>
  </datafield>
  <datafield tag="905" ind1=" " ind2=" ">
    <subfield code="a">Soheir</subfield>
    <subfield code="e">Cataloger</subfield>
  </datafield>
  <datafield tag="942" ind1=" " ind2=" ">
    <subfield code="2">ddc</subfield>
    <subfield code="c">TH</subfield>
  </datafield>
  <datafield tag="999" ind1=" " ind2=" ">
    <subfield code="c">57761</subfield>
    <subfield code="d">57761</subfield>
  </datafield>
  <datafield tag="952" ind1=" " ind2=" ">
    <subfield code="2">ddc</subfield>
    <subfield code="7">0</subfield>
    <subfield code="a">CUCL</subfield>
    <subfield code="b">cl210</subfield>
    <subfield code="d">2024-02-11</subfield>
    <subfield code="o">Cai01.11.28.M.Sc.2016.Do.M</subfield>
    <subfield code="p">01010110069688000</subfield>
    <subfield code="r">2023-09-22 00:00:00</subfield>
    <subfield code="y">TH</subfield>
  </datafield>
  <datafield tag="952" ind1=" " ind2=" ">
    <subfield code="2">ddc</subfield>
    <subfield code="7">0</subfield>
    <subfield code="a">CUCL</subfield>
    <subfield code="b">cl2u8</subfield>
    <subfield code="d">2024-02-11</subfield>
    <subfield code="o">Cai01.11.28.M.Sc.2016.Do.M</subfield>
    <subfield code="p">01020110069688000</subfield>
    <subfield code="r">2023-09-22 00:00:00</subfield>
    <subfield code="t">69688.CD    </subfield>
    <subfield code="y">CD</subfield>
  </datafield>
</record>
